[Event "Gibraltar U12 op 5th"]
[Site "Gibraltar"]
[Date "2015.08.21"]
[Round "1"]
[White "Davis, Grace"]
[Black "Akeya Price, Robert A"]
[Result "0-1"]
[WhiteElo "1074"]
[BlackElo "1503"]
[PlyCount "88"]
[EventDate "2015.08.21"]
[EventType "swiss"]
[EventRounds "6"]
[EventCountry "ENG"]
[SourceTitle "EXT 2025"]
[Source "ChessBase"]
[SourceDate "2024.10.14"]
[SourceVersion "1"]
[SourceVersionDate "2024.10.14"]
[SourceQuality "1"]

1. e4 c5 2. Nf3 d6 3. Bb5+ Bd7 4. c4 Nc6 5. d4 cxd4 6. Nxd4 a6 7. Ba4 Ne5 8. Bf4 Nxc4 9. Qc2 b5 10. b3 Na3 11. Qb2 bxa4 12. Qxa3 e5 13. Bg3 d5 14. Qb2 exd4 15. Qxd4 Qa5+ 16. Nd2 Qc5 17. Qe5+ Be6 18. 0-0 dxe4 19. Qxc5 Bxc5 20. Rac1 Ba3 21. Rc3 Nf6 22. Re1 0-0 23. Nxe4 Bb4 24. Be5 Bxc3 25. Bxc3 Nxe4 26. Rxe4 Rac8 27. Re3 axb3 28. axb3 Bxb3 29. h3 Rfe8 30. Rg3 g6 31. Bf6 Re6 32. Bg5 Re1+ 33. Kh2 Be6 34. Bh6 f5 35. Rd3 Rc2 36. Rd8+ Kf7 37. Rf8+ Ke7 38. Ra8 Ree2 39. Bf4 Rxf2 40. Ra7+ Kf6 41. Kg3 Rxg2+ 42. Kh4 g5+ 43. Bxg5+ Rxg5 44. Ra8 Rc4# 0-1